From formal to substantive equality (Record no. 108896)

000 -LEADER
fixed length control field 00385pab a2200157 454500
008 - FIXED-LENGTH DATA ELEMENTS--GENERAL INFORMATION
fixed length control field 180718b2015 xxu||||| |||| 00| 0 eng d
100 ## - MAIN ENTRY--PERSONAL NAME
Personal name Deshpande, Ashwini
245 ## - TITLE STATEMENT
Title From formal to substantive equality
260 ## - PUBLICATION, DISTRIBUTION, ETC.
Date of publication, distribution, etc. 2015
300 ## - PHYSICAL DESCRIPTION
Extent p.60-64.
362 ## - DATES OF PUBLICATION AND/OR SEQUENTIAL DESIGNATION
Dates of publication and/or sequential designation Aug
650 ## - SUBJECT ADDED ENTRY--TOPICAL TERM
Topical term or geographic name entry element Social inequality - India
650 ## - SUBJECT ADDED ENTRY--TOPICAL TERM
Topical term or geographic name entry element Social inequality
773 ## - HOST ITEM ENTRY
Main entry heading Seminar
909 ## -
-- 108901
Holdings
Withdrawn status Lost status Damaged status Not for loan Permanent Location Current Location Date acquired Serial Enumeration / chronology Barcode Date last seen Price effective from Koha item type
        Indian Institute of Public Administration Indian Institute of Public Administration 2018-07-19 Issue no: 672 AR109361 2018-07-19 2018-07-19 Articles

Powered by Koha